000 00319nam a22001457a 4500
008 210609b ||||| |||| 00| 0 eng d
020 _a9781609137137
041 _aeng
080 _210th
_a610
082 _a610
100 _a4
101 _aSHM
245 _aApplied Therapeutics
_cAlldredge,B.K
942 _2udc
_cBK
999 _c58072
_d58072